Obsahové, štrukturálne a formálne náležitosti diplomovej práce
Diplomová práca je záverečnou prácou druhého stupňa vysokoškolského štúdia. Obsahové, štruktúrne a formálne náležitosti diplomovej práce v kontexte medzinárodnej normy ISO 7144 : 1986 : "Documentation - Presantation of theses and similar documents". Zostavenie plánu a jednotlivé časti diplomovej prá...
Uložené v:
| Hlavný autor: | |
|---|---|
| Médium: | Kapitola |
| Jazyk: | Slovak |
| Predmet: | |
| Tagy: |
Žiadne tagy, Buďte prvý, kto otaguje tento záznam!
|
MARC
| LEADER | 00000nla$a2200000$$$4500 | ||
|---|---|---|---|
| 001 | 0104040 | ||
| 005 | 20240502072133.4 | ||
| 041 | 0 | |a slo | |
| 044 | |a SK | ||
| 245 | 1 | 0 | |a Obsahové, štrukturálne a formálne náležitosti diplomovej práce |c Vladimír Gonda |
| 520 | |a Diplomová práca je záverečnou prácou druhého stupňa vysokoškolského štúdia. Obsahové, štruktúrne a formálne náležitosti diplomovej práce v kontexte medzinárodnej normy ISO 7144 : 1986 : "Documentation - Presantation of theses and similar documents". Zostavenie plánu a jednotlivé časti diplomovej práce. Informačný systém na odhaľovanie a odstraňovanie plagiátorstva. Odovzdávanie záverečných prác na elektronických nosičoch. | ||
| 610 | 2 | 0 | |a práce diplomové |
| 610 | 2 | 0 | |a štúdium vysokoškolské |
| 610 | 2 | 0 | |a dokumentácia |
| 610 | 2 | 0 | |a obsah práce |
| 610 | 2 | 0 | |a dokumentácia |
| 610 | 2 | 0 | |a médiá pamäťové |
| 100 | 1 | |a Gonda, Vladimír | |